Catàleg de publicacions dels espais naturals : 1981 - 2002 / Diputació de Barcelona. Xarxa de Parcs Naturals 1981 - 2002 / Diputació de Barcelona. Xarxa de Parcs Naturals

Publicat: Barcelona : Diputació de Barcelona , 2003
Descripció física: 22 p. ; 21 cm

MARC

LEADER 00000nam a2200000Ia 4500
001 19543
008 160829s2003 xx 000 0 cat d
080 |a FU-8-33 
110 1 |a Barcelona (Catalunya : Província).  |b Xarxa de Parcs Naturals  |9 7250 
245 |a Catàleg de publicacions dels espais naturals :  |b  1981 - 2002 / Diputació de Barcelona. Xarxa de Parcs Naturals 
260 |a Barcelona :  |b Diputació de Barcelona,  |c 2003 
300 |a 22 p. ;  |c 21 cm 
650 |a Barcelona. Diputació. Xarxa de Parcs Naturals  |x Catàlegs  |9 22903 
901 |a Arxiu 
942 |n 1 
952 |0 0  |1 0  |4 0  |6 FU833  |7 1  |9 42375  |a Arxiu  |b Arxiu  |d 2016-12-01  |l 0  |o FU-8-33  |p 19543  |r 2016-12-01 00:00:00  |w 2016-12-01  |y ARXIU 
999 |c 44853  |d 44853